Bodas de Sangre: Tragedia en tres actos y siete cuadros (1933)

Gespeichert in:
Bibliographische Detailangaben
1. Verfasser: García Lorca, Federico
Format: Buch
Sprache:Undetermined
Veröffentlicht: Buenos Aires, Argentina Losada 1964
Ausgabe:5
Schlagworte:
Tags: Tag hinzufügen
Keine Tags, Fügen Sie den ersten Tag hinzu!

MARC

LEADER 00000nam a2200000Ia 4500
008 170316s9999 xx 000 0 und d
040 |a cru BVZT 
090 |a 862 G-13b 
100 |a García Lorca, Federico 
245 |a Bodas de Sangre: Tragedia en tres actos y siete cuadros (1933) 
250 |a 5 
260 |a Buenos Aires, Argentina 
260 |b Losada 
260 |c 1964 
300 |a 129 páginas 
650 |a LITERATURA ESPAÑOLA 
650 |a TRAGEDIA 
999 |c 9870  |d 9870 
942 |c 15 D  |h 862 G-13b  |2 z